000 01209njm a22002777a 4500
005 20100913100347.0
007 sd ammalaaahaa
008 100913t xxu||||| |||| 00| 0 hin d
028 _a3AEX.5008
_bODEON
035 _aGR-02962
040 _aSED/VEN
100 _919606
_aMangeshkar, Lata
245 _aMusical highlights from R. K. films Part 1 /
_cby Lata Mangeshkar ; music by Shankar Jaikishan
_h[sound recording] :
246 _aमुज्सिकल हिघ्लिघ्ट्स फ्रॉम आर.के. फिल्म्स (लता मंगेशकर)
260 _aDum Dum, India
_bODEON
_cn. d.
300 _a1 sound disc [Gramophone record] :
_banalog, 33. 1/3 rpm
_c12 in. (LP)
_fGramophone record
500 _aBrief record.
500 _aODEON
500 _aBlack
505 _aPart 1 Basanti Pawan (Jis desh men ganga behti hai) (Lata Mangeshkar), Part 2 Jis desh men ganga (Jis desh men ganga behti hai) (Mukesh)
_r
650 _aClassical Music
_xExcerpts
_zIndia
_919607
_vFilmi song
700 _91184
_aMukesh
700 _920404
_aShankar Jaikishan
942 _2ddc
_cGR
999 _c46311
_d46311